LIBRARY & INFORMATION CENTRE, KCAET, TAVANUR

ONLINE PUBLIC ACCESS CATALOGUE (OPAC)

Advancing psychological science, Vol 3 / (Record no. 2072)

MARC details
000 -LEADER
fixed length control field 00462cam a2200181ua 4500
041 ## - LANGUAGE CODE
Language code of text/sound track or separate title eng
082 ## - DEWEY DECIMAL CLASSIFICATION NUMBER
Classification number 150
Item number SAN/AD
100 ## - MAIN ENTRY--AUTHOR NAME
Personal name Sanford, Fillmore.H .
245 00 - TITLE STATEMENT
Title Advancing psychological science, Vol 3 /
250 ## - EDITION STATEMENT
Edition statement 1 /
260 ## - PUBLICATION, DISTRIBUTION, ETC. (IMPRINT)
Place of publication :
Name of publisher Prentice Hall of India Pvt Ltd. ,
Year of publication 1967.
300 ## - PHYSICAL DESCRIPTION
Number of Pages 190 ; .
942 ## - ADDED ENTRY ELEMENTS (KOHA)
Koha item type Books
Holdings
Withdrawn status Lost status Damaged status Home library Current library Date acquired Full call number Accession Number Koha item type
Withdrawn     KAUAET KAUAET 07/04/2012 150 10886 Books
free website counter